00333nam a2200109 i 4500001000300000245004400003260002100047040000800068041000800076008004100084856009800125bg 0aKodeks pracy /cpod red. Jerzego Pacho. aWarszawa,c1979. cBPK apol s pl f |000 0 pol  uhttp://koha.tu.koszalin.pl/cgi-bin/koha/opac-detail.pl?biblionumber=18992yKatalog online BPK